"Jeopardy!" "Stupid Answers" Category Clues #6 - Statistics

General Stats
  • This quiz has been taken 189 times
  • The average score is 12 of 25
Answer Stats
Hint Answer % Correct
The Old Milwaukee brewing company is headquartered in this city Milwaukee
94%
This river forms the southern borders of Ohio Indiana & Illinois Ohio River
76%
The name of the Sahara Desert is from the Arabic for this desert
75%
It's the one-word title of the state song of Alabama "Alabama"
72%
This state is named after Thomas West whose title was Baron De La Warr Delaware
69%
This Washington D.C. monument stands near the Potomac about halfway between the Capitol & the Lincoln Memorial Washington Monument
69%
The first line of this Ralph Ellison novel is I am an invisible man Invisible Man
64%
The number of legs on one of the monopods in the Narnia books one
60%
The Great Hall in Russia's Catherine Palace is adorned with a painting called The Allegory of this country Russia
56%
This novel begins Emma Woodhouse handsome clever and rich with a comfortable home and happy disposition... Emma
54%
This capital city of Luxembourg lies on a plateau into which the Alzette & Petrusse rivers flow Luxembourg
53%
It's the state song of the beautiful State of Ohio "Beautiful Ohio"
51%
Every Friday the Carillon in Duke University's chapel rings out the song Dear Old this Duke
51%
It's the state song of the beautiful state of Nebraska "Beautiful Nebraska"
49%
This Stephen Sondheim musical that graced Broadway in 1994 was based on the Italian film Passione d'amore Passion
44%
Actor Byron Barr changed his name to this after playing a man named Gig Young in the 1942 film The Gay Sisters Gig Young
40%
A round tower opened in Copenhagen in 1642 as an observatory has this name in English Round Tower
37%
Founded in 1911 this Connecticut college is in the town of New London Connecticut College
33%
Frank Lloyd Wright had 6 kids including his eldest son who practiced as an architect under this name Lloyd Wright
33%
The name of this brand is an amalgam of dance and skin Danskin
32%
(Jon of the Clue Crew reads from Macy's Warehouse.) In 2006 this cable channel's float in the Macy's Thanksgiving Day Parade depicted the history of New York History
28%
(Jimmy of the Clue Crew reports from the Iowa State Fair.) Will Rogers Jeanne Crain & Pat Boone starred in different versions of this film about a family's adventures at the Iowa State Fair State Fair
26%
(Jimmy of the Clue Crew catches a medicine ball in the Herbert Hoover Library.) President Hoover made his staff play a combination of volleyball & tennis using a medicine ball; in 1931 a New York Times reporter dubbed the game Hooverball
24%
The gorilla is a member of the ape superfamily & is this genus & species--2 words Gorilla gorilla
22%
This track from Abbey Road says And in the end the love you take is equal to the love you make "The End"
7%
No matching quizzes found
Score Distribution
Percent of People with Each Score
Percentile by Number Answered
Your Score History
You have not taken this quiz